ARRUPE JESUIT UNIVERSITY

CORONAVIRUS -STOP THE SPREAD - CLEAN,DISINFECT,COVER

The communicative ethics controversy (Record no. 20003)

MARC details
000 -LEADER
fixed length control field 00552nam a2200217Ia 4500
003 - CONTROL NUMBER IDENTIFIER
control field 0100
008 - FIXED-LENGTH DATA ELEMENTS--GENERAL INFORMATION
fixed length control field 130303s9999 xx 000 0 und d
040 ## - CATALOGING SOURCE
Transcribing agency ARRUPELIB
050 ## - LIBRARY OF CONGRESS CALL NUMBER
Classification number P94.C573 1990
300 ## - PHYSICAL DESCRIPTION
Other physical details 22cm
100 ## - MAIN ENTRY--PERSONAL NAME
Personal name Dallmayr, Fred
245 #4 - TITLE STATEMENT
Title The communicative ethics controversy
260 ## - PUBLICATION, DISTRIBUTION, ETC. (IMPRINT)
Place of publication, distribution, etc Cambridge MA
260 ## - PUBLICATION, DISTRIBUTION, ETC. (IMPRINT)
Name of publisher, distributor, etc MIT Pr.
260 ## - PUBLICATION, DISTRIBUTION, ETC. (IMPRINT)
-- 1991
300 ## - PHYSICAL DESCRIPTION
Extent 378p.
650 ## - SUBJECT ADDED ENTRY--TOPICAL TERM
Topical term following geographic name as entry element Africa-Culture-Philosophy
650 ## - SUBJECT ADDED ENTRY--TOPICAL TERM
Location of event Africa-Intellectual life 20th century
700 ## - ADDED ENTRY--PERSONAL NAME
Personal name ed. by Seyla Benhabib F. Dallmayr
942 00 - ADDED ENTRY ELEMENTS (KOHA)
Koha issues (borrowed), all copies 3
Holdings
Withdrawn status Lost status Source of classification or shelving scheme Damaged status Not for loan Collection code Home library Current library Shelving location Date acquired Total Checkouts Full call number Barcode Date last seen Date checked out Copy number Price effective from Koha item type
    Library of Congress Classification     Main Collection ARRUPE LIBRARY ARRUPE LIBRARY   04/03/2013 3 P94.C573 1990 46003097825 26/02/2019 14/04/2014 1 04/03/2013 Monograph ( Printed materials)

 

Arrupe Library. PO Box MP320 Mt Pleasant, Harare, Zimbabwe
263 242 745411|librarian@aju.ac.zw